<?xml version="1.0" encoding="UTF-8"?>
<collection xmlns="http://www.loc.gov/MARC21/slim">
    <record>
        <controlfield tag="001">78191</controlfield>
        <controlfield tag="005">20210208180200.0</controlfield>
        <datafield tag="024" ind1="7" ind2=" ">
            <subfield code="2">doi</subfield>
            <subfield code="a">10.2166/hydro.2018.085</subfield>
        </datafield>
        <datafield tag="024" ind1="8" ind2=" ">
            <subfield code="2">sideral</subfield>
            <subfield code="a">110698</subfield>
        </datafield>
        <datafield tag="037" ind1=" " ind2=" ">
            <subfield code="a">ART-2019-110698</subfield>
        </datafield>
        <datafield tag="041" ind1=" " ind2=" ">
            <subfield code="a">eng</subfield>
        </datafield>
        <datafield tag="100" ind1=" " ind2=" ">
            <subfield code="a">Persi, E.</subfield>
        </datafield>
        <datafield tag="245" ind1=" " ind2=" ">
            <subfield code="a">Calibration of a dynamic Eulerian-lagrangian model for the computation of wood cylinders transport in shallowwater flow</subfield>
        </datafield>
        <datafield tag="260" ind1=" " ind2=" ">
            <subfield code="c">2019</subfield>
        </datafield>
        <datafield tag="506" ind1="0" ind2=" ">
            <subfield code="a">Access copy available to the general public</subfield>
            <subfield code="f">Unrestricted</subfield>
        </datafield>
        <datafield tag="520" ind1="3" ind2=" ">
            <subfield code="a">A computational Eulerian-Lagrangian model (ORSA2D_WT) is used for modelling the movement of floating rigid bodies on the water surface. The two-dimensional transport is computed with a dynamic approach, modifying existing formulations for the transport of bodies within fluid flows for the case of floating bodies, by adopting suitable added mass, drag and side coefficients. An original formulation for planar rotation is proposed, which includes the effect of the hydrodynamic torque and a resistance term, named added inertia, based on the difference between the angular velocity of the flow and that of the body. The value of the added inertia coefficient is calibrated against experiments made on purpose, involving the transport of a cylinder in a flume with two side obstacles. The calibrated code is applied to a slightly larger set of experiments for its preliminary evaluation. The outcome of the simulations shows that the streamwise and transversal displacements are well modelled, while some inaccuracies arise when considering the cylinder orientation. The effects of the initial conditions on the cylinders'' trajectory and rotation are discussed, showing their influence on the evolution of the rotation angles.</subfield>
        </datafield>
        <datafield tag="540" ind1=" " ind2=" ">
            <subfield code="9">info:eu-repo/semantics/openAccess</subfield>
            <subfield code="a">by-nc-nd</subfield>
            <subfield code="u">http://creativecommons.org/licenses/by-nc-nd/3.0/es/</subfield>
        </datafield>
        <datafield tag="590" ind1=" " ind2=" ">
            <subfield code="a">1.728</subfield>
            <subfield code="b">2019</subfield>
        </datafield>
        <datafield tag="591" ind1=" " ind2=" ">
            <subfield code="a">COMPUTER SCIENCE, INTERDISCIPLINARY APPLICATIONS</subfield>
            <subfield code="b">71 / 109 = 0.651</subfield>
            <subfield code="c">2019</subfield>
            <subfield code="d">Q3</subfield>
            <subfield code="e">T2</subfield>
        </datafield>
        <datafield tag="591" ind1=" " ind2=" ">
            <subfield code="a">WATER RESOURCES</subfield>
            <subfield code="b">60 / 94 = 0.638</subfield>
            <subfield code="c">2019</subfield>
            <subfield code="d">Q3</subfield>
            <subfield code="e">T2</subfield>
        </datafield>
        <datafield tag="591" ind1=" " ind2=" ">
            <subfield code="a">ENVIRONMENTAL SCIENCES</subfield>
            <subfield code="b">182 / 265 = 0.687</subfield>
            <subfield code="c">2019</subfield>
            <subfield code="d">Q3</subfield>
            <subfield code="e">T3</subfield>
        </datafield>
        <datafield tag="591" ind1=" " ind2=" ">
            <subfield code="a">ENGINEERING, CIVIL</subfield>
            <subfield code="b">72 / 134 = 0.537</subfield>
            <subfield code="c">2019</subfield>
            <subfield code="d">Q3</subfield>
            <subfield code="e">T2</subfield>
        </datafield>
        <datafield tag="592" ind1=" " ind2=" ">
            <subfield code="a">0.616</subfield>
            <subfield code="b">2019</subfield>
        </datafield>
        <datafield tag="593" ind1=" " ind2=" ">
            <subfield code="a">Civil and Structural Engineering</subfield>
            <subfield code="c">2019</subfield>
            <subfield code="d">Q2</subfield>
        </datafield>
        <datafield tag="593" ind1=" " ind2=" ">
            <subfield code="a">Water Science and Technology</subfield>
            <subfield code="c">2019</subfield>
            <subfield code="d">Q2</subfield>
        </datafield>
        <datafield tag="593" ind1=" " ind2=" ">
            <subfield code="a">Geotechnical Engineering and Engineering Geology</subfield>
            <subfield code="c">2019</subfield>
            <subfield code="d">Q2</subfield>
        </datafield>
        <datafield tag="593" ind1=" " ind2=" ">
            <subfield code="a">Atmospheric Science</subfield>
            <subfield code="c">2019</subfield>
            <subfield code="d">Q3</subfield>
        </datafield>
        <datafield tag="655" ind1=" " ind2="4">
            <subfield code="a">info:eu-repo/semantics/article</subfield>
            <subfield code="v">info:eu-repo/semantics/publishedVersion</subfield>
        </datafield>
        <datafield tag="700" ind1=" " ind2=" ">
            <subfield code="a">Petaccia, G.</subfield>
        </datafield>
        <datafield tag="700" ind1=" " ind2=" ">
            <subfield code="a">Sibilla, S.</subfield>
        </datafield>
        <datafield tag="700" ind1=" " ind2=" ">
            <subfield code="0">(orcid)0000-0002-0415-0001</subfield>
            <subfield code="a">Brufau, P.</subfield>
            <subfield code="u">Universidad de Zaragoza</subfield>
        </datafield>
        <datafield tag="700" ind1=" " ind2=" ">
            <subfield code="0">(orcid)0000-0001-8674-1042</subfield>
            <subfield code="a">García-Navarro, P.</subfield>
            <subfield code="u">Universidad de Zaragoza</subfield>
        </datafield>
        <datafield tag="710" ind1="2" ind2=" ">
            <subfield code="1">5001</subfield>
            <subfield code="2">600</subfield>
            <subfield code="a">Universidad de Zaragoza</subfield>
            <subfield code="b">Dpto. Ciencia Tecnol.Mater.Fl.</subfield>
            <subfield code="c">Área Mecánica de Fluidos</subfield>
        </datafield>
        <datafield tag="773" ind1=" " ind2=" ">
            <subfield code="g">21, 1 (2019), 164-179</subfield>
            <subfield code="p">J. hydroinform.</subfield>
            <subfield code="t">JOURNAL OF HYDROINFORMATICS</subfield>
            <subfield code="x">1464-7141</subfield>
        </datafield>
        <datafield tag="856" ind1="4" ind2=" ">
            <subfield code="s">522256</subfield>
            <subfield code="u">http://zaguan.unizar.es/record/78191/files/texto_completo.pdf</subfield>
            <subfield code="y">Versión publicada</subfield>
        </datafield>
        <datafield tag="856" ind1="4" ind2=" ">
            <subfield code="s">88762</subfield>
            <subfield code="u">http://zaguan.unizar.es/record/78191/files/texto_completo.jpg?subformat=icon</subfield>
            <subfield code="x">icon</subfield>
            <subfield code="y">Versión publicada</subfield>
        </datafield>
        <datafield tag="909" ind1="C" ind2="O">
            <subfield code="o">oai:zaguan.unizar.es:78191</subfield>
            <subfield code="p">articulos</subfield>
            <subfield code="p">driver</subfield>
        </datafield>
        <datafield tag="951" ind1=" " ind2=" ">
            <subfield code="a">2021-02-08-17:42:59</subfield>
        </datafield>
        <datafield tag="980" ind1=" " ind2=" ">
            <subfield code="a">ARTICLE</subfield>
        </datafield>
    </record>

    
</collection>